00695nam a2200241Ia 4500003000900000008004100009040001300050040001300063041000800076100001800084245003600102250000900138260001200147260000900159300001100168300000700179300001000186490003100196490000600227942000700233999001700240952019600257IT-RoPAU120407s9999 xx 000 0 und d aIT-RoPAU cIT-RoPAU aita aArduino Terzi aS. Francesco d’Assisi a Roma. aRoma aNardini c1956 a100 p. b32 c31 cm a1. Francesco d’Assisi,s. v1 cBK c23994d23994 00102ddc406922_26000000000000071aPAULUSbPAULUSd2012-04-11l0o922.26r2012-04-11 00:00:00w2012-04-11yBKzInserito da: Anna In data: 05 ottobre 2011 fondo: Via A.Severo 56 Progr:31433